000 01351nac a22003131u 4500
010 _a 85163272
082 0 0 _a603
_bSHA
090 _c6232
_d6232
100 _aEl-Shafei Ahmed Mokht
245 1 0 _aTechnical dictionary. Telecommunication engineering:
_bEnglish-French-German-Arabic /
_cCompiled by: Ahmed Mokhtar El-Shafei; Edited by Anwar Mahmoud Abd-El-Wahed
260 _a[Leipzig] :
_bEdition Leipzig,1983
_c1983.
300 _a277, 134 p. :
_bill. ;
_c22 cm.
440 _aal-maajim al Technolozhiya Al Takhasusiyah
500 _aTitle on p. [4] of cover: Telecommunication engineering = Technique de teÌ?leÌ?communication = Nachrichtentechnik.
500 _aIncludes index.
500 _adistributer: Al-Ahram
511 _acatalogued by: wessam
650 0 _aTelecommunication
_vDictionaries
650 0 _aTechnology
_vDictionaries Arabic
650 0 _aTechnology
_vDictionaries French
650 0 _aTechnology
_vDictionaries German
700 1 _aAbd al-Wahid, Anwar Mahmoud.
740 0 _aTelecommunication engineering.
740 0 _aTechnique de teÌ?leÌ?communications.
740 0 _aNachrichtentechnik.
830 0 _aMaʻājim al-tiknūlūzhīyah al-takhaṣṣuṣīyah.
942 _cNB
_k603SHA
999 _c6232
_d6232